[Event "ICS rated blitz match"]
[Site "204.178.125.65"]
[Date "1999.09.15"]
[Round "?"]
[White "Hossa"]
[Black "Talmoves"]
[Result "0-1"]
[WhiteElo "2357"]
[BlackElo "2512"]
[PlyCount "72"]
[EventDate "1999.??.??"]

1. e4 c5 2. c3 d5 3. exd5 Qxd5 4. d4 Nf6 5. Nf3 e6 6. Bg5 Be7 7. Be2 O-O 8. O-O
Rd8 9. Nbd2 cxd4 10. cxd4 Nc6 11. Bc4 Qf5 12. Be3 b5 13. Be2 Ba6 14. Qb3 Rac8
15. Rac1 Nd5 16. Bd3 Qh5 17. Rfe1 f5 18. Bxb5 Rb8 19. Rxc6 Bxb5 20. Rxe6 Bf1
21. Qa4 Bb5 22. Qxa7 Bb4 23. Bg5 Ra8 24. Qb7 Rab8 25. Rd6 Rxb7 26. Rxd8+ Bf8
27. Rxd5 h6 28. Bd8 Bc6 29. Rde5 Rxb2 30. Ra1 Bd6 31. Nc4 Bxf3 32. Nxb2 Qg4 33.
g3 Qh3 34. Re8+ Kh7 35. Rh8+ Kxh8 36. a4 36... Qg2# {Hossa checkmated} 0-1

[Event "ICS rated blitz match"]
[Site "204.178.125.65"]
[Date "1999.09.09"]
[Round "?"]
[White "Hossa"]
[Black "Talmoves"]
[Result "1/2-1/2"]
[WhiteElo "2491"]
[BlackElo "2473"]
[PlyCount "169"]
[EventDate "1999.??.??"]

1. c4 Nf6 2. g3 e5 3. Bg2 d5 4. cxd5 Nxd5 5. Nf3 Nc6 6. O-O Nb6 7. Ne1 Be6 8.
Nc3 Bc5 9. Ne4 Be7 10. Nc2 O-O 11. Ne3 f5 12. Nc3 f4 13. Nc2 fxg3 14. fxg3 Qd7
15. b3 Rxf1+ 16. Bxf1 Rf8 17. Bg2 Bh3 18. Ba3 Bxa3 19. Nxa3 Qf5 20. Kh1 Bxg2+
21. Kxg2 Nd4 22. Nab5 a6 23. Na3 c6 24. Rc1 Nd5 25. Nab1 Nb4 26. a3 Nbc2 27. b4
Na1 28. Qe1 Nab3 29. Rd1 Rf6 30. d3 Rh6 31. Kg1 Qh5 32. Qf2 Rf6 33. Qg2 Nc2 34.
g4 Qg5 35. Ne4 Qe3+ 36. Kh1 Rf4 37. Rf1 Nc1 38. Ng3 Rxf1+ 39. Qxf1 Qf4 40. Qg1
Nd4 41. Nc3 Qd2 42. Nge4 Qb2 43. e3 Nc2 44. Qf1 Nxe3 45. Qf2 Qxf2 46. Nxf2 Nc2
47. Nce4 Nxa3 48. Nc5 b6 49. Nxa6 Nc2 50. h4 Na2 51. Nb8 Naxb4 52. Nd7 Kf7 53.
Nxe5+ Ke6 54. Nf3 Kd5 55. h5 c5 56. Kg2 Nd4 57. Nd2 Ne6 58. Kf3 Kd4 59. Nc4
Nxd3 60. Nxb6 Ne5+ 61. Ke2 Nf4+ 62. Kd2 c4 63. Nc8 c3+ 64. Kc2 Nxg4 65. Nxg4
Nxh5 66. Nd6 Ng3 67. Nb5+ Kc5 68. Nxc3 h5 69. Ne3 Kd4 70. Kd2 Ne4+ 71. Nxe4
Kxe4 72. Ke2 g5 73. Nd1 h4 74. Nf2+ Kf4 75. Nd3+ Kg3 76. Kf1 Kh2 77. Kf2 g4 78.
Ne5 g3+ 79. Kf3 g2 80. Ng4+ Kh1 81. Nf2+ Kg1 82. Nh3+ Kh2 83. Kg4 g1=Q+ 84.
Nxg1 Kxg1 85. Kxh4 {Game drawn because neither player has mating material}
1/2-1/2

[Event "ICS rated blitz match"]
[Site "204.178.125.65"]
[Date "1999.10.17"]
[Round "?"]
[White "Hossa"]
[Black "Talmoves"]
[Result "0-1"]
[WhiteElo "2535"]
[BlackElo "2532"]
[PlyCount "101"]
[EventDate "1999.??.??"]

1. d4 d5 2. c4 e6 3. Nf3 Nf6 4. Nc3 c6 5. e3 Nbd7 6. Bd3 dxc4 7. Bxc4 b5 8. Bd3
a6 9. a4 b4 10. Ne4 c5 11. Nxf6+ Nxf6 12. Bd2 cxd4 13. exd4 Bb7 14. Rc1 Bd6 15.
O-O O-O 16. Bg5 h6 17. Be3 Qa5 18. Bd2 Rac8 19. Rxc8 Rxc8 20. Re1 Kh8 21. Ne5
Bxe5 22. Rxe5 Qb6 23. Be3 Qc6 24. Qf1 Qxa4 25. Rc5 Qb3 26. Qb1 Rxc5 27. dxc5
Ng4 28. c6 Bxc6 29. Ba7 a5 30. Be2 Qd5 31. Qf1 Ne5 32. Be3 Qe4 33. Ba7 a4 34.
f3 Qc2 35. Bd4 Qd2 36. Bxe5 Qe3+ 37. Qf2 Qxe5 38. Bf1 a3 39. bxa3 bxa3 40. f4
Qa1 41. Qb6 a2 42. Qd8+ Kh7 43. Qd3+ f5 44. Qc4 Qb2 45. h4 a1=Q 46. Qxc6 Qa7+
47. Kh2 Qaf2 48. Qc5 Qxf1 49. Qc6 Qbf2 50. Qf3 Q1g1+ 51. Kh3 {Hossa resigns}
0-1

[Event "ICS rated blitz match"]
[Site "204.178.125.65"]
[Date "1999.09.24"]
[Round "?"]
[White "Hossa"]
[Black "Talmoves"]
[Result "0-1"]
[WhiteElo "2450"]
[BlackElo "2622"]
[PlyCount "126"]
[EventDate "1999.??.??"]

1. e4 c5 2. Nf3 e6 3. c3 d5 4. exd5 exd5 5. d4 Nc6 6. Bb5 Bd6 7. O-O Nge7 8. c4
O-O 9. dxc5 Bxc5 10. cxd5 Qxd5 11. Qxd5 Nxd5 12. Bxc6 bxc6 13. Bg5 f6 14. Bh4
Nf4 15. Nc3 Re8 16. Rfe1 Bf5 17. h3 Nd3 18. Rxe8+ Rxe8 19. Na4 Bb4 20. Nd4 Bd7
21. Nf3 c5 22. a3 Ba5 23. Nxc5 Nxc5 24. b4 Bb6 25. bxc5 Bxc5 26. Rc1 Rc8 27.
Rd1 Ba4 28. Ra1 Rd8 29. Ra2 Rd1+ 30. Kh2 Rd3 31. Bg3 Bd1 32. a4 Bxf3 33. gxf3
Rxf3 34. Rc2 Bb6 35. Kg2 Ra3 36. Rc4 h6 37. Bb8 Ra2 38. Bg3 g5 39. h4 f5 40.
hxg5 hxg5 41. Rb4 f4 42. a5 Bxa5 43. Rb8+ Kf7 44. Bh2 Bb6 45. Bg1 g4 46. Rc8 g3
47. Rc4 Be3 48. Rc7+ Ke6 49. Kf3 Bxf2 50. Bxf2 Rxf2+ 51. Ke4 g2 52. Rg7 f3 53.
Rg6+ Kf7 54. Kf5 Re2 55. Rf6+ Ke8 56. Rh6 f2 57. Rh8+ Kf7 58. Rh7+ Kg8 59. Rh3
f1=Q+ 60. Kg4 g1=Q+ 61. Rg3 Re4+ 62. Kh5+ Qxg3 63. Kh6 63... Rh4# {
Hossa checkmated} 0-1

[Event "ICS rated blitz match"]
[Site "204.178.125.65"]
[Date "1999.09.20"]
[Round "?"]
[White "Hossa"]
[Black "Talmoves"]
[Result "0-1"]
[WhiteElo "2401"]
[BlackElo "2499"]
[PlyCount "79"]
[EventDate "1999.??.??"]

1. e4 c5 2. Nf3 d6 3. d4 cxd4 4. Nxd4 Nf6 5. Nc3 a6 6. Be3 e6 7. Bd3 b5 8. O-O
Bb7 9. Qf3 Nbd7 10. Rad1 b4 11. Nce2 Ne5 12. Qg3 Nxe4 13. Bxe4 Bxe4 14. f3 Bb7
15. Bf4 Nc4 16. b3 Na3 17. Rd3 Qb6 18. Be3 Qc7 19. c4 e5 20. Nf5 g6 21. Nh6 f5
22. Qh4 Be7 23. Qe1 Nc2 24. Qd2 Nxe3 25. Rxe3 Qc5 26. f4 Bf8 27. Nxf5 gxf5 28.
fxe5 Bh6 29. Nf4 dxe5 30. a3 Be4 31. axb4 Qa7 32. Qc3 O-O-O 33. Nd5 Rhg8 34.
Rf2 Bxe3 35. Kf1 Bxf2 36. g3 Bg1 37. Qd2 f4 38. Qe1 fxg3 39. Ne7+ Qxe7 40. hxg3
{Hossa resigns} 0-1

[Event "ICS rated blitz match"]
[Site "204.178.125.65"]
[Date "1999.09.27"]
[Round "?"]
[White "Hossa"]
[Black "Talmoves"]
[Result "0-1"]
[WhiteElo "2485"]
[BlackElo "2538"]
[PlyCount "127"]
[EventDate "1999.??.??"]

1. e4 c5 2. c3 d5 3. exd5 Qxd5 4. d4 Nf6 5. Nf3 e6 6. Na3 Qd8 7. Nc4 Nc6 8.
Nfe5 Nxe5 9. Nxe5 a6 10. Bg5 cxd4 11. Qa4+ Bd7 12. Qxd4 Bb5 13. Bxb5+ axb5 14.
Bxf6 Qxd4 15. cxd4 gxf6 16. Nf3 Rg8 17. O-O Bh6 18. Rfd1 O-O-O 19. Rd3 Rd5 20.
Rc3+ Kb8 21. Re1 Bf8 22. Rec1 Bd6 23. R3c2 b4 24. Rc4 Ra5 25. Ra1 b5 26. Rcc1
Rd8 27. Kf1 Ra6 28. b3 Kb7 29. Rc2 Rda8 30. d5 Rc8 31. Rd2 e5 32. Nh4 Rc3 33.
Nf5 Kc8 34. Re1 Bc5 35. f4 exf4 36. Nh4 Kd7 37. Red1 Ra8 38. Nf3 Be3 39. Re2
Rac8 40. Nh4 Rc2 41. h3 Rxe2 42. Kxe2 Rc2+ 43. Kd3 Rxa2 44. Ke4 Rf2 45. g3 Bc5
46. gxf4 Re2+ 47. Kf5 Re3 48. Rb1 Rxh3 49. Ng2 Ke7 50. Re1+ Kd6 51. Rd1 Rh2 52.
Rd2 h5 53. Kxf6 h4 54. Ra2 Kd7 55. Ra6 Rxg2 56. Kxf7 h3 57. f5 Rg5 58. Rh6
Rxf5+ 59. Kg8 Rf3 60. Rc6 Be3 61. Rc2 Rf2 62. Rc6 h2 63. Rg6 h1=Q 64. Rg5 {
Hossa resigns} 0-1

[Event "ICS rated blitz match"]
[Site "204.178.125.65"]
[Date "1999.09.11"]
[Round "?"]
[White "Hossa"]
[Black "Talmoves"]
[Result "0-1"]
[WhiteElo "2467"]
[BlackElo "2594"]
[PlyCount "95"]
[EventDate "1999.??.??"]

1. e4 c5 2. Nf3 e6 3. d4 cxd4 4. Nxd4 Nf6 5. Nc3 d6 6. Be3 a6 7. Bd3 b5 8. O-O
Bb7 9. a3 Nbd7 10. Qf3 Ne5 11. Qg3 Nxd3 12. cxd3 g6 13. Rac1 Bg7 14. Qg5 e5 15.
Nf5 gxf5 16. Qxg7 Rg8 17. Qh6 Rg6 18. Qh3 f4 19. Bd2 Qd7 20. Qf3 Rc8 21. Rc2 d5
22. Rfc1 dxe4 23. dxe4 Rc4 24. b3 Nxe4 25. Nxe4 Bxe4 26. Qxe4 Rxe4 27. Rc8+
Qxc8 28. Rxc8+ Kd7 29. Rc1 Rd4 30. Bb4 Rc6 31. Re1 f6 32. g3 Ke6 33. Kg2 Rc2
34. Rg1 Kf5 35. Re1 Rd3 36. gxf4 e4 37. Rb1 e3 38. Rf1 Rxb3 39. Be7 a5 40. Bd6
e2 41. Re1 Rd3 42. Rb1 Rxd6 43. Re1 Rd1 44. Rxe2 Rxe2 45. Kf3 Ra2 46. Kg3 Rxa3+
47. f3 Rf1 48. Kg2 {Hossa resigns} 0-1

[Event "ICS rated blitz match"]
[Site "204.178.125.65"]
[Date "1999.09.12"]
[Round "?"]
[White "Hossa"]
[Black "Talmoves"]
[Result "0-1"]
[WhiteElo "2491"]
[BlackElo "2566"]
[PlyCount "148"]
[EventDate "1999.??.??"]

1. e4 c5 2. d4 cxd4 3. Nf3 e6 4. Nxd4 Nf6 5. Bd3 a6 6. Bg5 Be7 7. O-O d6 8. Nd2
O-O 9. c4 Nbd7 10. Re1 Ne5 11. Be2 Qb6 12. Qb3 Bd8 13. Rad1 h6 14. Bf4 Neg4 15.
Qxb6 Bxb6 16. Be3 Nxe3 17. fxe3 e5 18. Nc2 Be6 19. Rf1 Rac8 20. b3 Ba5 21. b4
Bb6 22. Kh1 a5 23. a3 a4 24. Kg1 Ba7 25. Bd3 Bg4 26. Rde1 Kh7 27. Nf3 Be6 28.
Nd2 b5 29. c5 dxc5 30. Bxb5 Rfd8 31. Nf3 Bb3 32. Nxe5 Bxc2 33. Nxf7 Rd2 34. e5
Ne4 35. e6 cxb4 36. e7 Bd3 37. e8=Q Rxe8 38. Bxe8 Bxf1 39. Kxf1 Rf2+ 40. Kg1
bxa3 41. Bc6 Rf4 42. g3 Nxg3 43. Ng5+ hxg5 44. hxg3 Rc4 45. Bb5 Rc1 46. Rxc1
Bxe3+ 47. Kf1 Bxc1 48. Bd3+ Kh6 49. Bb1 Kh5 50. Ba2 Kg4 51. Kf2 Kf5 52. Bf7 Bb2
53. Kf1 Be5 54. Kg2 Bd6 55. Kf3 g4+ 56. Kf2 g5 57. Bd5 Bb4 58. Ke2 Bc5 59. Ba2
Ke5 60. Kd3 Bf2 61. Kc2 Bxg3 62. Bc4 Bf2 63. Kb1 g3 64. Bf1 Ba7 65. Ka2 Kf4 66.
Bg2 Ke3 67. Kxa3 Kf2 68. Bc6 g2 69. Bd5 g1=Q 70. Kb2 Ke1 71. Kb1 Kd2+ 72. Ka2
Qc1 73. Bc4 Qc2+ 74. Ka1 74... Bd4# {Hossa checkmated} 0-1

[Event "ICS rated blitz match"]
[Site "204.178.125.65"]
[Date "1999.09.03"]
[Round "?"]
[White "Hossa"]
[Black "Talmoves"]
[Result "0-1"]
[WhiteElo "2588"]
[BlackElo "2536"]
[PlyCount "114"]
[EventDate "1999.??.??"]

1. d4 d5 2. c4 e6 3. Nc3 Nf6 4. Nf3 Be7 5. Bg5 O-O 6. e3 Nbd7 7. Bd3 c6 8. O-O
dxc4 9. Bxc4 Nd5 10. Bxe7 Qxe7 11. Qc2 Rd8 12. Bd3 N7f6 13. Ng5 h6 14. Nf3 Nb4
15. Qd2 c5 16. Rac1 cxd4 17. exd4 Nxd3 18. Qxd3 Bd7 19. Ne5 Qb4 20. b3 Be8 21.
Rfd1 Rac8 22. Qe3 Qa5 23. Re1 b5 24. Qd3 b4 25. Ne2 Rxc1 26. Nxc1 Qb6 27. Ne2
Bb5 28. Nc4 Qa6 29. Rc1 Qxa2 30. Qd1 Bxc4 31. Rxc4 Nd5 32. Rc6 Qb2 33. Qc2 Qa1+
34. Qc1 Qxc1+ 35. Rxc1 Kf8 36. f4 Ke7 37. g4 Rd6 38. Kf2 Ra6 39. Rc2 Ra3 40.
Rb2 g6 41. h4 Kd6 42. Kf3 Nc3 43. g5 hxg5 44. hxg5 Kd5 45. Nc1 a5 46. Kg4 Ke4
47. Rc2 Ra1 48. Kh4 Kf3 49. Kh3 Ne2 50. Rxe2 Rxc1 51. Rd2 Rh1+ 52. Rh2 Rxh2+
53. Kxh2 a4 54. Kh3 axb3 55. d5 b2 56. d6 b1=Q 57. d7 57... Qh1# {
Hossa checkmated} 0-1

[Event "ICS rated blitz match"]
[Site "204.178.125.65"]
[Date "1999.09.06"]
[Round "?"]
[White "Hossa"]
[Black "Talmoves"]
[Result "1/2-1/2"]
[WhiteElo "2477"]
[BlackElo "2465"]
[PlyCount "79"]
[EventDate "1999.??.??"]

1. d4 d5 2. c4 e6 3. Nc3 Nf6 4. Bg5 Be7 5. e3 O-O 6. Nf3 Nbd7 7. Bd3 c6 8. O-O
dxc4 9. Bxc4 Nd5 10. Bxe7 Qxe7 11. Rc1 Nxc3 12. bxc3 e5 13. Qc2 e4 14. Nd2 Nf6
15. Be2 Bf5 16. Nc4 h6 17. Rb1 Qc7 18. Qb3 b6 19. Ne5 Nd7 20. Nxd7 Bxd7 21. Bh5
Qd8 22. Qd1 Qg5 23. Kh1 Be6 24. a4 Qh4 25. Be2 Rad8 26. a5 b5 27. Kg1 Rd5 28.
Qc2 Rb8 29. c4 Rg5 30. Kh1 b4 31. Qa4 Bxc4 32. Bxc4 Rxg2 33. Bxf7+ Kxf7 34.
Qb3+ Kf8 35. Kxg2 Qg4+ 36. Kh1 Qf3+ 37. Kg1 Qg4+ 38. Kh1 Qf3+ 39. Kg1 Qg4+ 40.
Kh1 {Game drawn by repetition} 1/2-1/2

[Event "ICS rated blitz match"]
[Site "204.178.125.65"]
[Date "1999.09.08"]
[Round "?"]
[White "Hossa"]
[Black "Talmoves"]
[Result "0-1"]
[WhiteElo "2525"]
[BlackElo "2504"]
[PlyCount "178"]
[EventDate "1999.??.??"]

1. e4 e5 2. Nf3 Nc6 3. Nc3 Nf6 4. Bb5 Bb4 5. O-O O-O 6. d3 d6 7. Bxc6 bxc6 8.
Na4 Ba6 9. Bg5 Ba5 10. Nd2 Bb5 11. Nc3 Bxc3 12. bxc3 h6 13. Bh4 Rb8 14. Rb1 Qe7
15. f4 exf4 16. c4 Ba6 17. Nb3 g5 18. Bf2 c5 19. Kh1 Rfe8 20. Rb2 Qe6 21. Bg1
Qe5 22. Qc1 Qc3 23. Rf3 Bc8 24. a3 Bg4 25. Rf2 a5 26. Rb1 a4 27. Nd2 Rxb1 28.
Nxb1 Qa1 29. Qe1 Rb8 30. Rf1 Qb2 31. Qf2 c6 32. Qd2 Qa2 33. Qc1 Rb2 34. Nc3
Qxa3 35. Nxa4 Ra2 36. Qxa3 Rxa3 37. Nb2 Ra2 38. Rb1 Nd7 39. h3 Be6 40. Kh2 f5
41. exf5 Bxf5 42. Bf2 Kf7 43. Be1 d5 44. cxd5 cxd5 45. Bc3 d4 46. Be1 Ke6 47.
c3 Ne5 48. h4 Bxd3 49. Nxd3 Nxd3 50. cxd4 f3 51. dxc5 Rxg2+ 52. Kh1 Kd5 53. Rd1
Ke4 54. c6 Rc2 55. hxg5 hxg5 56. Bg3 Rxc6 57. Kh2 g4 58. Rd2 Ke3 59. Rd1 Ke2
60. Ra1 f2 61. Ra2+ Kf3 62. Bxf2 Nxf2 63. Ra3+ Kf4 64. Ra7 Rc2 65. Rf7+ Kg5 66.
Rg7+ Kf6 67. Rg8 Ne4+ 68. Kg1 Kf5 69. Rf8+ Kg5 70. Kf1 Ng3+ 71. Kg1 Nf5 72. Kf1
Ne3+ 73. Kg1 Rg2+ 74. Kh1 Re2 75. Rc8 Kh4 76. Rc1 g3 77. Ra1 Rd2 78. Kg1 Rd1+
79. Rxd1 Nxd1 80. Kg2 Ne3+ 81. Kf3 g2 82. Kf2 Kg4 83. Kxe3 g1=Q+ 84. Kd3 Qc5
85. Kd2 Kf4 86. Kd3 Kf3 87. Kd2 Qc4 88. Kd1 Ke3 89. Ke1 89... Qc1# {
Hossa checkmated} 0-1

[Event "ICS rated blitz match"]
[Site "204.178.125.65"]
[Date "1999.10.17"]
[Round "?"]
[White "Hossa"]
[Black "Talmoves"]
[Result "1/2-1/2"]
[WhiteElo "2539"]
[BlackElo "2538"]
[PlyCount "81"]
[EventDate "1999.??.??"]

1. c4 Nf6 2. Nf3 g6 3. d4 Bg7 4. Nc3 d5 5. Bg5 Ne4 6. Bf4 Nxc3 7. bxc3 c5 8.
cxd5 cxd4 9. cxd4 Qxd5 10. e3 O-O 11. Bd3 Bg4 12. O-O e5 13. dxe5 Bxf3 14. gxf3
Nc6 15. Be4 Qe6 16. Qd5 Qh3 17. Bg3 Rad8 18. Qb5 Rd7 19. Bxc6 bxc6 20. Qxc6
Rfd8 21. Qa4 h5 22. Rac1 g5 23. Rfd1 h4 24. Rxd7 Rxd7 25. Rc8+ Bf8 26. Bxh4 Rb7
27. Qc2 gxh4 28. Rc4 Rb4 29. Rxb4 Bxb4 30. Qc7 Qxf3 31. Qd8+ Bf8 32. Qg5+ Bg7
33. Qd8+ Kh7 34. Qxh4+ Kg6 35. Qd4 Kg5 36. Qxa7 Qg4+ 37. Kf1 Qc4+ 38. Kg2 Qg4+
39. Kf1 Qc4+ 40. Kg2 Qg4+ 41. Kf1 {Game drawn by repetition} 1/2-1/2

[Event "ICS rated blitz match"]
[Site "204.178.125.65"]
[Date "1999.10.15"]
[Round "?"]
[White "Hossa"]
[Black "Talmoves"]
[Result "0-1"]
[WhiteElo "2419"]
[BlackElo "2612"]
[PlyCount "89"]
[EventDate "1999.??.??"]

1. e4 c5 2. Nf3 e6 3. d4 cxd4 4. Nxd4 Nf6 5. Nc3 d6 6. Be3 a6 7. f4 b5 8. Bd3
Bb7 9. Qf3 Nbd7 10. O-O b4 11. Nb1 h5 12. Nd2 Rc8 13. a3 bxa3 14. bxa3 Qc7 15.
Rab1 d5 16. exd5 Nxd5 17. c4 N5b6 18. Qg3 Qd6 19. a4 h4 20. Qh3 Be7 21. Be2 Bf6
22. Nc2 Ba8 23. Rfd1 Qc7 24. Nb4 Nxa4 25. Nxa6 Qa5 26. c5 Nc3 27. Bd3 Nxd1 28.
Rxd1 Rc6 29. Ne4 Rxa6 30. Nxf6+ gxf6 31. Bxa6 Qxa6 32. Qg4 Qa3 33. Bd4 Bd5 34.
Qg7 Rf8 35. Qg4 h3 36. gxh3 Nxc5 37. Ra1 Qb4 38. Bxf6 Ne4 39. Qg7 Nxf6 40. Rf1
Qc5+ 41. Rf2 Qc1+ 42. Rf1 Qe3+ 43. Rf2 Ne4 44. Qg2 Nxf2 45. Qxd5 {Hossa resigns
} 0-1

[Event "ICS rated blitz match"]
[Site "204.178.125.65"]
[Date "1999.08.28"]
[Round "?"]
[White "Hossa"]
[Black "Talmoves"]
[Result "0-1"]
[WhiteElo "2497"]
[BlackElo "2502"]
[PlyCount "132"]
[EventDate "1999.??.??"]

1. e4 c5 2. Nf3 e6 3. d4 cxd4 4. Nxd4 Nf6 5. Nc3 d6 6. Bd3 a6 7. O-O Be7 8. Be3
O-O 9. Qf3 Nbd7 10. Qg3 Ne5 11. Be2 Ng6 12. f4 d5 13. e5 Ne4 14. Nxe4 dxe4 15.
Rfd1 Qc7 16. Bh5 Rd8 17. Rd2 Qc4 18. a3 Bc5 19. Rad1 Rd5 20. Be2 Qa4 21. c3 h6
22. c4 Rd8 23. Bh5 Kh7 24. b4 Ba7 25. Nc2 Rd3 26. Rxd3 exd3 27. Ne1 Bxe3+ 28.
Qxe3 Qxa3 29. Nxd3 Bd7 30. Qd4 Bc6 31. c5 Qb3 32. Nc1 Qc2 33. Ne2 Qb3 34. Qd2
Be4 35. Ng3 Bc2 36. Rc1 Bd3 37. Bf3 Rd8 38. Rd1 Rd7 39. Nh5 Nh4 40. Bxb7 Bb5
41. Be4+ Nf5 42. Bc2 Rxd2 43. Bxb3 Rb2 44. Bxe6 fxe6 45. Ng3 Ne3 46. Rd4 Rxg2+
47. Kh1 Bc6 48. Ne4 Rg4 49. h3 Rxf4 50. Kh2 Bxe4 51. Kg3 g5 52. Rxe4 Nf5+ 53.
Kg2 Rxe4 54. Kf1 Rxb4 55. c6 h5 56. c7 Rc4 57. Ke1 Rxc7 58. Kd2 Rc5 59. Ke1 Rc3
60. h4 g4 61. Ke2 g3 62. Kd2 Rf3 63. Kc2 g2 64. Kb2 g1=R 65. Kc2 Rg2+ 66. Kb1
66... Rf1# {Hossa checkmated} 0-1

[Event "ICS rated blitz match"]
[Site "204.178.125.65"]
[Date "1999.10.03"]
[Round "?"]
[White "Hossa"]
[Black "Talmoves"]
[Result "0-1"]
[WhiteElo "2471"]
[BlackElo "2605"]
[PlyCount "176"]
[EventDate "1999.??.??"]

1. e4 c5 2. Nf3 e6 3. d4 cxd4 4. Nxd4 Nf6 5. Nc3 d6 6. Bg5 Be7 7. Bb5+ Nbd7 8.
O-O O-O 9. Be3 Nc5 10. Qf3 a6 11. Be2 e5 12. Nf5 Bxf5 13. Qxf5 Qc8 14. Qxc8
Rfxc8 15. f3 Rc6 16. Rad1 Rac8 17. Rd2 h6 18. Rfd1 Ncd7 19. Bf2 Nb6 20. Bh4 g5
21. Bf2 Nc4 22. Bxc4 Rxc4 23. Rd3 b5 24. a3 Kg7 25. g4 Kh7 26. h4 b4 27. axb4
Rxb4 28. Rb1 Rb7 29. h5 Rc6 30. Kg2 Kg8 31. Kg3 Bd8 32. Be3 Bb6 33. Nd1 Bc7 34.
Rd2 Rb5 35. Ra1 d5 36. exd5 Nxd5 37. Kf2 Nxe3 38. Kxe3 e4 39. Rd7 Rxc2 40. Kxe4
Bf4 41. Rd4 Re5+ 42. Kd3 Rd2+ 43. Kc4 Rxd4+ 44. Kxd4 Re1 45. Kc3 a5 46. Kc2
Re2+ 47. Kc3 Rd2 48. Kb3 Kg7 49. Kc4 a4 50. Rb1 Be5 51. Nc3 Bxc3 52. bxc3 Rf2
53. Ra1 Rxf3 54. Rxa4 Rf4+ 55. Kb3 Rxa4 56. Kxa4 f5 57. c4 fxg4 58. c5 g3 59.
c6 g2 60. c7 g1=Q 61. c8=Q Qd1+ 62. Kb5 Qxh5 63. Qc3+ Kh7 64. Qc7+ Kg6 65. Qd6+
Kf5 66. Kc5 Qh1 67. Qd7+ Kf4 68. Qd6+ Kg4 69. Qe6+ Kh5 70. Qe2+ Kh4 71. Qc4+ g4
72. Qf4 h5 73. Qf5 Qd1 74. Qg6 g3 75. Qf5 g2 76. Qf4+ Qg4 77. Qh2+ Kg5 78. Qg1
Qf5+ 79. Kb6 Qf1 80. Qc5+ Kg6 81. Qc2+ Kg7 82. Kb7 Qb5+ 83. Kc7 g1=Q 84. Qc3+
Kg8 85. Kd6 Qgb6+ 86. Ke7 Qg5+ 87. Qf6 Qgxf6+ 88. Kd7 88... Qbd8# {
Hossa checkmated} 0-1

[Event "ICS rated blitz match"]
[Site "204.178.125.65"]
[Date "1999.08.28"]
[Round "?"]
[White "Hossa"]
[Black "Talmoves"]
[Result "0-1"]
[WhiteElo "2501"]
[BlackElo "2558"]
[PlyCount "134"]
[EventDate "1999.??.??"]

1. e4 e5 2. Nc3 Nf6 3. Bc4 Nc6 4. d3 Bb4 5. Nge2 d5 6. exd5 Nxd5 7. Bxd5 Qxd5
8. O-O Qd8 9. f4 exf4 10. Bxf4 O-O 11. Qd2 Re8 12. Rae1 f6 13. a3 Bc5+ 14. Kh1
Bb6 15. Ne4 Bg4 16. N2c3 Bd4 17. Nb5 Bb6 18. Be3 Bxe3 19. Rxe3 Re5 20. a4 a6
21. Nbc3 Rh5 22. Rf4 Bd7 23. Kg1 b6 24. Qf2 Ne5 25. Qg3 Bf5 26. Rf2 Bg6 27. a5
bxa5 28. Ne2 Rb8 29. b3 a4 30. bxa4 Qd7 31. Nf4 Rb1+ 32. Rf1 Rxf1+ 33. Kxf1 Rf5
34. Kg1 Qxa4 35. Re2 Bf7 36. h4 h5 37. c3 Ng4 38. d4 Qa1+ 39. Re1 Qa2 40. Nd3
Qa5 41. Ndc5 Qb6 42. Nd7 Qc6 43. Nec5 Bc4 44. Nb8 Qb6 45. Ncd7 Qb7 46. Re8+ Kf7
47. Re1 Rf2 48. Nxa6 Bxa6 49. Nc5 Qb5 50. Nxa6 Qxa6 51. Qxc7+ Kg6 52. Qg3 Rd2
53. Qb8 Qc6 54. Qg3 Kh7 55. Qf3 Qd6 56. g3 Qc7 57. Re8 g6 58. Re6 Rc2 59. Qf4
Qb7 60. Qe4 Qb1+ 61. Qe1 Rc1 62. Re7+ Kh6 63. Rh7+ Kxh7 64. Qxc1 Qxc1+ 65. Kg2
Qe1 66. d5 Qf2+ 67. Kh3 67... Qh2# {Hossa checkmated} 0-1

[Event "ICS rated blitz match"]
[Site "204.178.125.65"]
[Date "1999.08.27"]
[Round "?"]
[White "Hossa"]
[Black "TerminatorII"]
[Result "1-0"]
[WhiteElo "2388"]
[BlackElo "2070"]
[PlyCount "61"]
[EventDate "1999.??.??"]

1. e4 e6 2. d4 d5 3. Nd2 Be7 4. Bd3 Nf6 5. Ne2 dxe4 6. Nxe4 Nbd7 7. O-O O-O 8.
Nxf6+ Bxf6 9. c3 c5 10. Qc2 g6 11. Bh6 Re8 12. dxc5 Nxc5 13. Bb5 Bd7 14. Bxd7
Qxd7 15. Rfd1 Qe7 16. b4 Nd7 17. Qe4 Nb6 18. Rd3 Bg5 19. Bxg5 Qxg5 20. Qxb7 Nd5
21. Rad1 Reb8 22. Qa6 Rb6 23. Qa5 Qe7 24. a4 Rc8 25. b5 Qc5 26. Rd4 a6 27. c4
Nb4 28. Rd7 axb5 29. cxb5 Ra6 30. Rd8+ Kg7 31. Rxc8 {TerminatorII resigns} 1-0

[Event "ICS rated blitz match"]
[Site "204.178.125.65"]
[Date "1999.10.01"]
[Round "?"]
[White "Hossa"]
[Black "TheBad"]
[Result "1-0"]
[WhiteElo "2360"]
[BlackElo "2106"]
[PlyCount "131"]
[EventDate "1999.??.??"]

1. e4 e5 2. Nf3 Nf6 3. Nxe5 d6 4. Nf3 Nc6 5. Nc3 Bg4 6. Bb5 a6 7. Be2 Be7 8.
O-O O-O 9. d4 Re8 10. d5 Bxf3 11. Bxf3 Ne5 12. Be2 h6 13. Be3 Ng6 14. Qd4 c5
15. Qd2 Qd7 16. Rfe1 b5 17. f3 Rad8 18. Bxh6 gxh6 19. Qxh6 Nh7 20. Qe3 Bg5 21.
Qf2 Bf6 22. Rad1 Bd4 23. Rxd4 cxd4 24. Qxd4 Nf4 25. Qe3 Nxe2+ 26. Nxe2 Qe7 27.
Nd4 Qg5 28. Qf2 Rc8 29. Nf5 Rcd8 30. Rd1 Qf6 31. c3 Kh8 32. Qb6 Rg8 33. Qxa6
Rb8 34. Rd3 Rgd8 35. f4 b4 36. a4 bxc3 37. bxc3 Rb1+ 38. Kf2 Rb2+ 39. Kf1 Nf8
40. Rh3+ Kg8 41. Qd3 Ng6 42. Rg3 Rc8 43. Kg1 Rcb8 44. h3 Rb1+ 45. Kh2 Ra1 46.
Qa6 Rbb1 47. Qc8+ Kh7 48. Rg5 Rh1+ 49. Kg3 Qxg5+ 50. fxg5 Rab1 51. Nxd6 Rhf1
52. Qe8 Nh8 53. a5 Ra1 54. Nc4 Rfc1 55. Qe5 Ng6 56. Qd4 Rab1 57. Nd2 Rb8 58. c4
Rc8 59. a6 Ra1 60. Qxa1 Ra8 61. c5 Ra7 62. Qf6 Kg8 63. h4 Ne7 64. h5 Rd7 65. h6
Nf5+ 66. exf5 {TheBad resigns} 1-0